000 00249nam a2200109Ia 4500
008 190216s9999||||xx |||||||||||||| ||und||
100 _aSusheer Sen
245 0 _aHindi-Reliance World Cup Cricket
260 _bAnurag
650 _aHindi
942 _cBK
999 _c15553
_d15553